00550nam 22001693 4500001000700000100004100007200004600048210004000094215003300134225003300167300004600200606002600246675002500272700003600297801001800333830002900351202100 a20240110d u||y0pory50 ba aSigno sinaleromancefVergílio Ferreira aAmadoracBertrand Editoradimp.1979 a241, [1] p.cbrochadod21 cm aObras de Vergílio Ferreira aContém dedicatória na folha de guarda aLiteratura Portuguesa a821.134.3-3vPTzpor aFerreirabVergíliof1916-1996 aPTbBMMNgRPC cAna FalardofAna Falardo